| 000 | 00495cam a22001457a 4500 | ||
|---|---|---|---|
| 008 | 180718b2006 xxu||||| |||| 00| 0 eng d | ||
| 020 | _a0187984163 | ||
| 082 | _aB131x54 S13 | ||
| 245 |
_aWard power: decentralised urban governance _cedited by Parth J. Shah and Makarand Bakore |
||
| 260 |
_aNew Delhi _bCentre for Civil Society _c2006 |
||
| 300 | _a232p. | ||
| 650 | _aMunicipal government --India --History --21st century --Congresses | ||
| 700 | _aBakore, Makarand | ||
| 700 | _aShah, Parth J. | ||
| 999 |
_c493636 _d493636 |
||